000 00673nam a2200205 i 4500
001 78696
003 ES-MaACL
005 20250808084932.0
007 t|
008 041015m19551958sp ||||1| spa d
100 1 _aHedemann, Justus Wilhelm.
_962293
245 1 0 _aTratado de Derecho Civil /
_cJustus Wilhelm Hedemann.
260 _aMadrid :
_bRevista de Derecho Privado,
_c[1955-1958] (
_fPablo López)
300 _a2 v. ;
_c23 cm.
500 _aFalta el v.1.
505 8 _aContiene: V. II: Derechos reales. -- V. III: Derecho de obligaciones
650 0 4 _aDerecho civil-
_zEspaña
_911659
852 _aES-MaACL
_jP-832
_bR.42314
999 _c78696
_d78696